Perchlorates their properties, manufacture and uses /

Guardado en:
Autor Principal: Schumacher, Joseph C.
Formato: Libro
Idioma:English
Publicado: New York : Reinhold, 1960.
Etiquetas: Agregar Etiqueta
Sin Etiquetas, Sea el primero en etiquetar este registro!
LEADER 00449nam a22001455a 4500
001 EUN.um036632
003 AR-BaUNS
005 20050623122909.0
008 041125s1960####xxu###########000#0#eng#d
245 1 0 |a Perchlorates their properties, manufacture and uses /  |c Joseph C. Schumacher. 
260 |a New York :  |b Reinhold,  |c 1960. 
300 |a 238 p. 
100 1 |a Schumacher, Joseph C. 
082 0 4 |a 661.2 
859 |a Ar-BaUNS  |b BIB. CENTRAL - Sector C  |h 661.2  |i Sch86  |p 1486/963